[Event "5. OPEN International Championship of Vo"]
[Site "Novi Sad - MASTER CENTAR - SAJ"]
[Date "2014.07.13"]
[Round "3.1"]
[White "Atalik, Suat"]
[Black "Popchev, Milko"]
[Result "1-0"]
[WhiteElo "2550"]
[BlackElo "2331"]
[PlyCount "79"]
[EventDate "2014.07.12"]

1. d4 e6 2. c4 f5 3. g3 Nf6 4. Bg2 d5 5. Nf3 c6 6. O-O Bd6 7. Nc3 O-O 8. Qc2
Qe7 9. Rb1 Bd7 10. Bg5 h6 11. Bxf6 Qxf6 12. Qb3 Bc8 13. cxd5 exd5 14. e4 fxe4
15. Nxe4 Qe6 16. Nxd6 Qxd6 17. Ne5 Nd7 18. Nxd7 Qxd7 19. Rbe1 Qf7 20. Re5 Bf5
21. Qa3 Rab8 22. Rfe1 a6 23. Re7 Qf6 24. R1e5 Bg6 25. Qe3 Bf5 26. h3 Rf7 27. g4
Rxe7 28. Rxe7 Bg6 29. h4 Bf7 30. g5 hxg5 31. hxg5 Qg6 32. Qg3 Re8 33. Rxb7 Re1+
34. Kh2 Qh5+ 35. Bh3 Re4 36. Kg2 Bg6 37. f3 Rxd4 38. Qe5 Rd2+ 39. Kg3 Bf7 40.
Rxf7 1-0

[Event "5. OPEN International Championship of Vo"]
[Site "Novi Sad - MASTER CENTAR - SAJ"]
[Date "2014.07.13"]
[Round "3.2"]
[White "Draskovic, Luka"]
[Black "Popovic, Dusan"]
[Result "1/2-1/2"]
[WhiteElo "2340"]
[BlackElo "2527"]
[PlyCount "51"]
[EventDate "2014.07.12"]

1. e4 d6 2. d4 g6 3. Nc3 Bg7 4. h3 a6 5. a4 Nf6 6. Nf3 O-O 7. Bd3 Nc6 8. O-O e5
9. dxe5 dxe5 10. Bc4 Be6 11. Bxe6 fxe6 12. Be3 Qe7 13. Qd3 Nh5 14. Rfd1 Rxf3
15. gxf3 Rf8 16. Qf1 Rxf3 17. Qg2 Rf8 18. Ne2 Nf4 19. Qf1 Qh4 20. Kh2 Bh6 21.
Bxf4 Bxf4+ 22. Kg2 Nd4 23. Nxd4 exd4 24. Qe2 Be5 25. Rd3 Rf4 26. Re1 1/2-1/2

[Event "5. OPEN International Championship of Vo"]
[Site "Novi Sad - MASTER CENTAR - SAJ"]
[Date "2014.07.13"]
[Round "3.3"]
[White "Nestorovic, Lazar"]
[Black "Savic, Miodrag R"]
[Result "1/2-1/2"]
[WhiteElo "2331"]
[BlackElo "2522"]
[PlyCount "40"]
[EventDate "2014.07.12"]

1. d4 Nf6 2. Nf3 e6 3. e3 b6 4. Be2 Bb7 5. O-O d6 6. c4 Nbd7 7. Nc3 c5 8. b3
Be7 9. Bb2 a6 10. Rc1 O-O 11. Qd2 Qc7 12. Rfd1 Rfd8 13. Ne1 Nf8 14. Bf3 Ng6 15.
Qe2 Rac8 16. Bxb7 Qxb7 17. Qf3 Qb8 18. Qe2 h6 19. Nf3 Qb7 20. Rd2 Ne4 1/2-1/2

[Event "5. OPEN International Championship of Vo"]
[Site "Novi Sad - MASTER CENTAR - SAJ"]
[Date "2014.07.13"]
[Round "3.4"]
[White "Azaladze, Shota"]
[Black "Doric, Nenad"]
[Result "1-0"]
[WhiteElo "2499"]
[BlackElo "2316"]
[PlyCount "135"]
[EventDate "2014.07.12"]

1. g3 c5 2. Bg2 Nc6 3. Nf3 g6 4. O-O Bg7 5. c3 e5 6. d4 cxd4 7. cxd4 e4 8. Ne5
d5 9. Nxc6 bxc6 10. Nc3 Ne7 11. Bg5 h6 12. Bxe7 Qxe7 13. e3 O-O 14. Rc1 Bd7 15.
Na4 Rfb8 16. Qd2 Qb4 17. Qxb4 Rxb4 18. Nc5 Be8 19. Rc2 Rab8 20. b3 R4b6 21.
Rfc1 Bf8 22. h4 h5 23. Bh3 Rd8 24. Kf1 Bd6 25. Ke1 Kf8 26. Kd2 Ke7 27. Bf1 a5
28. Be2 f5 29. Rc3 Rdb8 30. Kc2 Ra8 31. Na4 Rb4 32. Kb2 Rab8 33. Nc5 Ra8 34.
Ka1 Ra7 35. Bd1 Ra8 36. a3 Rbb8 37. Kb2 Ra7 38. Be2 Rb6 39. Ra1 Ra8 40. Rcc1
Rab8 41. b4 axb4 42. a4 Bxc5 43. Rxc5 Bd7 44. Kb3 Kd6 45. Ra5 Bc8 46. Rc5 Ra8
47. a5 Rbb8 48. Rac1 Bd7 49. Ka4 b3 50. Rb1 b2 51. Ka3 Bc8 52. Rxb2 Rxb2 53.
Kxb2 Rb8+ 54. Ka2 Rb4 55. Rc3 Kc7 56. Rb3 Ra4+ 57. Ra3 Rb4 58. a6 Kb8 59. Rb3
Rxb3 60. Kxb3 Ka7 61. Kb4 Kb6 62. Bf1 Bd7 63. a7 Kxa7 64. Kc5 Kb7 65. Kd6 Bc8
66. Ke5 f4 67. gxf4 Kb6 68. Be2 1-0

[Event "5. OPEN International Championship of Vo"]
[Site "Novi Sad - MASTER CENTAR - SAJ"]
[Date "2014.07.13"]
[Round "3.5"]
[White "Pasko, Llambi"]
[Black "Arsovic, Zoran"]
[Result "1/2-1/2"]
[WhiteElo "2285"]
[BlackElo "2433"]
[PlyCount "72"]
[EventDate "2014.07.12"]

1. d4 Nf6 2. c4 e6 3. Nf3 Bb4+ 4. Bd2 Qe7 5. g3 Nc6 6. Nc3 O-O 7. Bg2 d6 8. O-O
Bxc3 9. Bxc3 Ne4 10. Qc2 Nxc3 11. Qxc3 e5 12. e4 a5 13. d5 Nb8 14. c5 Bg4 15.
Rac1 Na6 16. cxd6 cxd6 17. Nd2 Qd8 18. Qe3 Bd7 19. f4 Bb5 20. Rfd1 Re8 21. f5
f6 22. Bf1 Bxf1 23. Rxf1 Nc5 24. g4 Rc8 25. h4 Re7 26. b3 b5 27. Rc3 Rec7 28.
Rfc1 Nd7 29. Kf1 Rc5 30. Ke2 Qb6 31. Nb1 b4 32. Rxc5 Rxc5 33. Rxc5 Nxc5 34. Nd2
Qa6+ 35. Nc4 a4 36. Kf3 h6 1/2-1/2

[Event "5. OPEN International Championship of Vo"]
[Site "Novi Sad - MASTER CENTAR - SAJ"]
[Date "2014.07.13"]
[Round "3.6"]
[White "Peovic, Milos"]
[Black "Drazic, Sinisa"]
[Result "0-1"]
[WhiteElo "2281"]
[BlackElo "2430"]
[PlyCount "62"]
[EventDate "2014.07.12"]

1. e4 c5 2. Nc3 Nc6 3. g3 Rb8 4. a4 g6 5. Bg2 Bg7 6. f4 d6 7. Nf3 a6 8. O-O b5
9. axb5 axb5 10. Nd5 e6 11. Ne3 Nge7 12. d3 O-O 13. g4 f5 14. gxf5 exf5 15. Ng5
h6 16. Nh3 Be6 17. Qe1 Qd7 18. Nf2 Nd4 19. Ra6 Kh7 20. Bd2 b4 21. c4 Ndc6 22.
Nfd1 Ra8 23. Rxa8 Rxa8 24. h4 h5 25. Nd5 Ra1 26. Nxe7 Nxe7 27. b3 Nc6 28. Kh2
Nd4 29. Qg3 Nxb3 30. Be3 Nd4 31. e5 dxe5 0-1

[Event "5. OPEN International Championship of Vo"]
[Site "Novi Sad - MASTER CENTAR - SAJ"]
[Date "2014.07.13"]
[Round "3.7"]
[White "Tosic, Miroslav"]
[Black "Napoli, Nicolo'"]
[Result "1/2-1/2"]
[WhiteElo "2427"]
[BlackElo "2267"]
[PlyCount "75"]
[EventDate "2014.07.12"]

1. Nf3 g6 2. e4 Bg7 3. d4 c6 4. Nc3 d5 5. h3 Nh6 6. Bd3 f6 7. O-O Nf7 8. Re1
O-O 9. Bf1 e6 10. a4 a5 11. b3 Na6 12. Ba3 Re8 13. exd5 exd5 14. Rxe8+ Qxe8 15.
Bxa6 Rxa6 16. Ne2 Ra8 17. Ng3 Be6 18. Qd2 Qd7 19. Re1 Bh6 20. Qc3 Nd6 21. Re2
Bf4 22. Nd2 b6 23. Qf3 Bg5 24. Ndf1 Re8 25. Qd3 f5 26. Bxd6 Qxd6 27. Nh2 Bf6
28. Nf3 Bf7 29. Rxe8+ Bxe8 30. Qe3 Qe7 31. Ne5 c5 32. c3 b5 33. Ne2 bxa4 34.
bxa4 Bxa4 35. Nf4 Bb3 36. Nfd3 cxd4 37. cxd4 a4 38. Nc5 {...necitko dalje}
1/2-1/2

[Event "5. OPEN International Championship of Vo"]
[Site "Novi Sad - MASTER CENTAR - SAJ"]
[Date "2014.07.13"]
[Round "3.8"]
[White "Nestorovic, Dejan"]
[Black "Jovic, Stevan"]
[Result "1-0"]
[WhiteElo "2408"]
[BlackElo "2254"]
[PlyCount "95"]
[EventDate "2014.07.12"]

1. d4 d5 2. c4 c6 3. Nf3 Nf6 4. Nc3 dxc4 5. a4 Bf5 6. e3 e6 7. Bxc4 Nbd7 8. O-O
Bb4 9. Nh4 O-O 10. Nxf5 exf5 11. Qc2 g6 12. Bd2 a5 13. Rad1 Nb6 14. Bb3 Qd6 15.
f3 Rfe8 16. Kh1 Nh5 17. e4 f4 18. Be1 Kg7 19. Bf2 Qe7 20. d5 Nd7 21. dxc6 bxc6
22. Na2 Ne5 23. Nxb4 Qxb4 24. Bc5 Qb7 25. Rd2 Rab8 26. Ba2 Red8 27. Bd6 Rxd6
28. Rxd6 Qxb2 29. Rd2 Qa3 30. Rb1 Rxb1+ 31. Bxb1 Qe3 32. Re2 Qd4 33. Re1 f6 34.
Rd1 Qb4 35. Ba2 Kh6 36. Bb3 c5 37. Rc1 Qa3 38. Bc4 Nxc4 39. Qxc4 Ng7 40. Qc3
Qxc3 41. Rxc3 Ne6 42. Kg1 Kg7 43. Rb3 Nd4 44. Rb7+ Kh6 45. Kf1 c4 46. Rd7 Nc2
47. Ke2 Ne3 48. Ra7 1-0

[Event "5. OPEN International Championship of Vo"]
[Site "Novi Sad - MASTER CENTAR - SAJ"]
[Date "2014.07.13"]
[Round "3.9"]
[White "Petkovic, Radosav"]
[Black "Saric, Sinisa"]
[Result "1/2-1/2"]
[WhiteElo "2253"]
[BlackElo "2400"]
[PlyCount "29"]
[EventDate "2014.07.12"]

1. e4 d5 2. exd5 Qxd5 3. Nc3 Qa5 4. d4 Nf6 5. Nf3 c6 6. Bc4 Bf5 7. O-O e6 8.
Bf4 Nbd7 9. h3 h6 10. Qe2 Be7 11. Rad1 O-O 12. Ne5 Nxe5 13. Bxe5 b5 14. Bb3
Rfd8 15. f3 1/2-1/2

[Event "5. OPEN International Championship of Vo"]
[Site "Novi Sad - MASTER CENTAR - SAJ"]
[Date "2014.07.13"]
[Round "3.10"]
[White "Meszaros, Andras"]
[Black "Liou, Yian"]
[Result "0-1"]
[WhiteElo "2250"]
[BlackElo "2387"]
[PlyCount "118"]
[EventDate "2014.07.12"]

1. e4 e5 2. Nf3 Nc6 3. Bc4 Bc5 4. c3 Nf6 5. d3 a6 6. Nbd2 Ba7 7. Nf1 h6 8. Ng3
O-O 9. O-O d6 10. Bb3 Be6 11. Qe2 Qd7 12. Be3 Rfe8 13. Bxa7 Rxa7 14. Nh4 d5 15.
Nhf5 Ne7 16. Nxe7+ Rxe7 17. Rfe1 d4 18. cxd4 Qxd4 19. Rac1 Ra8 20. Bxe6 fxe6
21. Rc4 Qd6 22. d4 b5 23. dxe5 Qxe5 24. Rc6 Rd7 25. Nf1 Ne8 26. Qc2 Rd6 27. Rc5
Qd4 28. e5 Rd5 29. Rxd5 Qxd5 30. Nd2 c5 31. b3 Rc8 32. h3 Rc7 33. Qc3 Rd7 34.
Nf3 Rc7 35. Nd2 Rd7 36. Ne4 c4 37. Qg3 cxb3 38. axb3 Rf7 39. b4 Qd4 40. Re3
Qxb4 41. Qg6 Qe7 42. Rc3 Qd7 43. Rd3 Qe7 44. Nd6 Rf8 45. Rg3 Nxd6 46. exd6 Qd7
47. Qc2 Rb8 48. Rd3 b4 49. Qc7 Rb7 50. Qc4 b3 51. Rd1 b2 52. Rb1 a5 53. Qa6 a4
54. g4 Ra7 55. Qc4 a3 56. Re1 Qf7 57. Qc8+ Kh7 58. Qc2+ Qg6 59. Qb3 Rd7 0-1

[Event "5. OPEN International Championship of Vo"]
[Site "Novi Sad - MASTER CENTAR - SAJ"]
[Date "2014.07.13"]
[Round "3.11"]
[White "Cabarkapa, Novak"]
[Black "Ujhazi, Ivan"]
[Result "1/2-1/2"]
[WhiteElo "2386"]
[BlackElo "2241"]
[PlyCount "45"]
[EventDate "2014.07.12"]

1. e4 c5 2. Nc3 Nc6 3. f4 d6 4. Nf3 g6 5. Bb5 Bg7 6. O-O Bd7 7. d3 e6 8. f5 Nf6
9. fxe6 fxe6 10. Bf4 Nd4 11. Bc4 Qb6 12. Nxd4 cxd4 13. Ne2 O-O 14. Kh1 Nh5 15.
Bb3 Kh8 16. Bg5 Rxf1+ 17. Qxf1 Rf8 18. Qe1 Qc5 19. Bd2 e5 20. a4 Bg4 21. a5 Qc7
22. Ng1 Qe7 23. Bc4 1/2-1/2

[Event "5. OPEN International Championship of Vo"]
[Site "Novi Sad - MASTER CENTAR - SAJ"]
[Date "2014.07.13"]
[Round "3.12"]
[White "Budimir, Boris"]
[Black "Ratkovic, Miloje"]
[Result "1/2-1/2"]
[WhiteElo "2244"]
[BlackElo "2383"]
[PlyCount "85"]
[EventDate "2014.07.12"]

1. e4 c6 2. d4 d5 3. exd5 cxd5 4. c4 Nf6 5. Nc3 e6 6. Nf3 Be7 7. cxd5 Nxd5 8.
Bd3 Nc6 9. O-O O-O 10. Re1 Nf6 11. a3 b6 12. Bc2 Ba6 13. Bg5 Rc8 14. Rc1 Nd5
15. Bxe7 Ncxe7 16. Nxd5 Nxd5 17. Bb3 Rxc1 18. Qxc1 Bb7 19. Ne5 Qh4 20. Bxd5
Bxd5 21. Qe3 f5 22. f4 Rd8 23. Rc1 Be4 24. Rc7 Rxd4 25. Qc1 Rd8 26. Rxa7 Rf8
27. Rc7 Qd8 28. Nd7 Re8 29. Qc3 Qh4 30. Rc8 Qh5 31. Rxe8+ Qxe8 32. Qc7 b5 33.
Kf2 h6 34. Qb8 Qxb8 35. Nxb8 Kf7 36. Nd7 Ke7 37. Nc5 Ba8 38. g3 Kd6 39. b4 e5
40. fxe5+ Kxe5 41. a4 bxa4 42. Nxa4 Kd4 43. Nc5 1/2-1/2

[Event "5. OPEN International Championship of Vo"]
[Site "Novi Sad - MASTER CENTAR - SAJ"]
[Date "2014.07.13"]
[Round "3.13"]
[White "Obodchuk, Andrei"]
[Black "Drogovoz, Irina"]
[Result "1-0"]
[WhiteElo "2374"]
[BlackElo "2073"]
[PlyCount "69"]
[EventDate "2014.07.12"]

1. Nf3 Nf6 2. c4 g6 3. d4 Bg7 4. Nc3 d5 5. cxd5 Nxd5 6. e4 Nxc3 7. bxc3 O-O 8.
Be2 c5 9. Rb1 Qa5 10. O-O Qxa2 11. Bg5 Qe6 12. Qd3 b6 13. d5 Qd7 14. Qe3 Ba6
15. c4 e6 16. Bh6 exd5 17. Bxg7 Kxg7 18. exd5 Bc8 19. Qc3+ f6 20. Rbe1 b5 21.
cxb5 Qxd5 22. Bc4 Qd6 23. Re2 a6 24. b6 Nc6 25. Rd2 Qb8 26. Bd5 Qxb6 27. Rb2
Qc7 28. Qxc5 Bd7 29. Rc1 Rfc8 30. Bxc6 Bxc6 31. Nd4 Qd7 32. Nxc6 Rc7 33. Rbc2
Rac8 34. Qd4 Qe6 35. Nd8 1-0

[Event "5. OPEN International Championship of Vo"]
[Site "Novi Sad - MASTER CENTAR - SAJ"]
[Date "2014.07.13"]
[Round "3.14"]
[White "Kler, Borko"]
[Black "Mrkonjic, Nenad"]
[Result "0-1"]
[WhiteElo "2242"]
[BlackElo "2373"]
[PlyCount "40"]
[EventDate "2014.07.12"]

1. e4 e5 2. Nf3 Nc6 3. Bb5 Nf6 4. O-O d6 5. d4 exd4 6. Nxd4 Bd7 7. Nxc6 bxc6 8.
Ba4 Be7 9. Re1 O-O 10. Nc3 Rb8 11. Qd3 Ng4 12. f4 d5 13. g3 Bc5+ 14. Kg2 Nf2
15. Qa6 Bh3+ 16. Kf3 Rb6 17. Qa5 dxe4+ 18. Nxe4 Nxe4 19. Be3 Bxe3 20. Rxe3 Nd2+
0-1

[Event "5. OPEN International Championship of Vo"]
[Site "Novi Sad - MASTER CENTAR - SAJ"]
[Date "2014.07.13"]
[Round "3.15"]
[White "Sorgic, Dragan"]
[Black "Burovic, Ismet"]
[Result "0-1"]
[WhiteElo "2238"]
[BlackElo "2366"]
[PlyCount "82"]
[EventDate "2014.07.12"]

1. e4 c6 2. d4 d5 3. Nc3 g6 4. Nf3 Bg7 5. h3 Nh6 6. Bd3 dxe4 7. Nxe4 Nf5 8. c3
O-O 9. O-O Nd6 10. Ng3 Nd7 11. Re1 c5 12. Bg5 Re8 13. Qd2 cxd4 14. cxd4 Nf6 15.
a4 b6 16. Ne5 Bb7 17. Bh6 Rc8 18. Bxg7 Kxg7 19. a5 Bd5 20. Ng4 Nxg4 21. hxg4 h6
22. Qf4 f6 23. axb6 axb6 24. Nh5+ gxh5 25. gxh5 Rh8 26. Re3 Rc7 27. Rg3+ Kf8
28. Rg6 Nf7 29. Rg3 Ng5 30. Qe3 Rg8 31. Bg6 Qd6 32. Bf5 e6 33. Bg6 Ke7 34. Re1
Qb4 35. Kh2 Qxb2 36. f4 Nf7 37. Bxf7 Kxf7 38. f5 Rc2 39. Qxe6+ Bxe6 40. fxe6+
Ke7 41. Rxg8 Re2 0-1

[Event "5. OPEN International Championship of Vo"]
[Site "Novi Sad - MASTER CENTAR - SAJ"]
[Date "2014.07.13"]
[Round "3.16"]
[White "Egorov, Evgeny"]
[Black "Arsic, Djordje"]
[Result "1-0"]
[WhiteElo "2358"]
[BlackElo "2055"]
[PlyCount "135"]
[EventDate "2014.07.12"]

1. Nc3 e5 2. Nf3 Nc6 3. d4 exd4 4. Nxd4 Nf6 5. Bg5 Bb4 6. Nxc6 bxc6 7. Qd4 Be7
8. e4 d5 9. exd5 cxd5 10. Bb5+ Bd7 11. Bxf6 Bxf6 12. Qxd5 Bxc3+ 13. bxc3 Bxb5
14. Qxb5+ Qd7 15. Qe2+ Qe7 16. Qxe7+ Kxe7 17. O-O-O Rhd8 18. Rhe1+ Kf6 19. Rd4
g5 20. Re3 h6 21. Rf3+ Kg6 22. Rc4 Rd7 23. h4 Re8 24. Rc6+ Re6 25. Rxe6+ fxe6
26. Re3 Rd6 27. hxg5 hxg5 28. Re4 Rc6 29. Kd2 Kf5 30. Rd4 a6 31. g4+ Ke5 32.
Kd3 Rd6 33. Ke3 c5 34. Re4+ Kf6 35. Rc4 Rd5 36. f3 Ke5 37. Ke2 Kd6 38. Ra4 Re5+
39. Kd2 Rd5+ 40. Kc1 Ke5 41. a3 Rd6 42. Re4+ Kf6 43. Re3 Rd7 44. Kb2 Rb7+ 45.
Ka2 Rb6 46. Re4 Rb7 47. Rc4 Rc7 48. Kb3 Rb7+ 49. Ka4 Rb5 50. Re4 Rb6 51. Ka5
Rc6 52. c4 Rd6 53. Re3 Rc6 54. Rb3 Ke5 55. Rb6 Rc8 56. a4 Kf4 57. Rxe6 Kxf3 58.
Kxa6 Ra8+ 59. Kb5 Kxg4 60. a5 Kf3 61. Rf6+ Kg3 62. a6 g4 63. Kxc5 Kh2 64. Rh6+
Kg2 65. Kb6 g3 66. a7 Kf2 67. Rf6+ Ke1 68. Rg6 1-0

[Event "5. OPEN International Championship of Vo"]
[Site "Novi Sad - MASTER CENTAR - SAJ"]
[Date "2014.07.13"]
[Round "3.17"]
[White "Tisma, Ivan"]
[Black "Strebkovs, Andrejs"]
[Result "1/2-1/2"]
[WhiteElo "2095"]
[BlackElo "2357"]
[PlyCount "88"]
[EventDate "2014.07.12"]

1. d4 Nf6 2. Nf3 d6 3. g3 c6 4. Bg2 g6 5. O-O Bg7 6. c4 O-O 7. Nc3 Nbd7 8. e4
e5 9. h3 a5 10. Be3 a4 11. Qc2 Qa5 12. Rfe1 Re8 13. Rad1 Qb4 14. Bf1 exd4 15.
Bxd4 Ne5 16. Nd2 Nh5 17. a3 Qa5 18. f4 Nd7 19. Bf2 Nc5 20. Nf3 f5 21. e5 dxe5
22. Nxe5 Nf6 23. Kh2 Nce4 24. Bg2 Nxc3 25. bxc3 Ne4 26. Bd4 Be6 27. Rb1 Nd6 28.
Qf2 Qc7 29. Rb4 Nf7 30. Reb1 Bc8 31. Nd3 Nd6 32. Nc5 Re7 33. Nxa4 Ne4 34. Bxe4
fxe4 35. Qe3 Qd7 36. g4 Rxa4 37. Rxa4 c5 38. Bxg7 Qxa4 39. Qxc5 Qc2+ 40. Kg3
Qxb1 41. Qxe7 Qe1+ 42. Kg2 Qe2+ 43. Kg1 Qe1+ 44. Kg2 Qe2+ 1/2-1/2

[Event "5. OPEN International Championship of Vo"]
[Site "Novi Sad - MASTER CENTAR - SAJ"]
[Date "2014.07.13"]
[Round "3.18"]
[White "Elez, Nikola"]
[Black "Damljanovic, Branko"]
[Result "1-0"]
[WhiteElo "2207"]
[BlackElo "2562"]
[PlyCount "108"]
[EventDate "2014.07.12"]

1. e4 c5 2. b3 e6 3. Bb2 a6 4. Nf3 Nc6 5. g3 d5 6. exd5 exd5 7. Qe2+ Qe7 8.
Qxe7+ Ngxe7 9. Bg2 Nb4 10. Na3 Bf5 11. O-O Rc8 12. d3 b5 13. Rfe1 f6 14. Nh4
Bd7 15. d4 g5 16. Nf3 g4 17. Nh4 cxd4 18. Bxd4 Kf7 19. c3 Nbc6 20. Nc2 Nxd4 21.
Nxd4 Rxc3 22. Rad1 Rc5 23. b4 Rc4 24. a3 Bc8 25. Re3 Rc7 26. f4 gxf3 27. Bxf3
Bh6 28. Red3 Rd8 29. Ng2 Rc1 30. Kf2 Rxd1 31. Rxd1 Bh3 32. Ne3 Be6 33. Bh5+ Ng6
34. Rc1 Rc8 35. Rc5 Rxc5 36. bxc5 Bxe3+ 37. Kxe3 Bc8 38. Nc6 Bd7 39. Nb4 a5 40.
Nxd5 Ke6 41. Kd4 Ne5 42. Nf4+ Ke7 43. Nd5+ Ke6 44. Nf4+ Kf5 45. Be2 Bc6 46. Nd5
Ke6 47. Nc7+ Kd7 48. Nxb5 Bg2 49. Nc3 Ke6 50. h4 f5 51. Bc4+ Nxc4 52. Kxc4 f4
53. gxf4 Kf5 54. Nd5 Kg4 1-0

[Event "5. OPEN International Championship of Vo"]
[Site "Novi Sad - MASTER CENTAR - SAJ"]
[Date "2014.07.13"]
[Round "3.19"]
[White "Banovic, Ivan"]
[Black "Kadric, Denis"]
[Result "0-1"]
[WhiteElo "2197"]
[BlackElo "2494"]
[PlyCount "112"]
[EventDate "2014.07.12"]

1. d4 g6 2. c4 Bg7 3. e4 d6 4. Nc3 e5 5. Nge2 exd4 6. Nxd4 Ne7 7. Be2 Nbc6 8.
Be3 O-O 9. O-O f5 10. exf5 Bxd4 11. Bxd4 Nxf5 12. Be3 Nxe3 13. fxe3 Be6 14.
Rxf8+ Qxf8 15. b3 Qg7 16. Qd2 Ne5 17. Rf1 b6 18. Bf3 Nxf3+ 19. Rxf3 a5 20. Qd4
Re8 21. Qxg7+ Kxg7 22. Kf2 Bf7 23. Rf4 Re5 24. Rd4 Rc5 25. Ke2 Be6 26. h3 h6
27. Ne4 Re5 28. Nc3 g5 29. Nd5 c5 30. Rd1 Bxd5 31. cxd5 Kf6 32. g4 b5 33. Rf1+
Kg7 34. Rd1 Re7 35. Kd3 Rf7 36. Ke2 Rf8 37. Rh1 Ra8 38. Kd3 a4 39. Rf1 axb3 40.
axb3 Ra3 41. Kc2 Ra2+ 42. Kd3 Ra3 43. Kc2 c4 44. bxc4 bxc4 45. Re1 Rd3 46. e4
Kf6 47. e5+ dxe5 48. Rf1+ Ke7 49. Rf5 Rxh3 50. Rxe5+ Kd6 51. Rf5 Kc5 52. Kc1
Rh4 53. Kc2 Rxg4 54. d6+ Kxd6 55. Rf6+ Ke5 56. Rxh6 Re4 0-1

[Event "5. OPEN International Championship of Vo"]
[Site "Novi Sad - MASTER CENTAR - SAJ"]
[Date "2014.07.13"]
[Round "3.20"]
[White "Radlovacki, Jovan"]
[Black "Jakovljevic, Zoran N"]
[Result "1-0"]
[WhiteElo "2443"]
[BlackElo "2157"]
[PlyCount "43"]
[EventDate "2014.07.12"]

1. e4 d6 2. d4 Nf6 3. Nc3 g6 4. Bg5 Bg7 5. Qd2 h6 6. Bh4 g5 7. Bg3 Nh5 8. Nge2
Nxg3 9. Nxg3 Nc6 10. Bb5 a6 11. Bxc6+ bxc6 12. Nh5 O-O 13. Nxg7 Kxg7 14. O-O-O
e6 15. Kb1 Qe7 16. h4 Rh8 17. hxg5 hxg5 18. Rxh8 Kxh8 19. Rh1+ Kg8 20. Rh5 f6
21. e5 Qf7 22. Rh6 1-0

[Event "5. OPEN International Championship of Vo"]
[Site "Novi Sad - MASTER CENTAR - SAJ"]
[Date "2014.07.13"]
[Round "3.21"]
[White "Dronjic, Sinisa"]
[Black "Nestorovic, Nikola"]
[Result "0-1"]
[WhiteElo "2178"]
[BlackElo "2439"]
[PlyCount "78"]
[EventDate "2014.07.12"]

1. Nf3 Nf6 2. c4 c5 3. Nc3 b6 4. g3 Bb7 5. Bg2 e6 6. O-O Be7 7. d4 cxd4 8. Nxd4
Bxg2 9. Kxg2 Qc8 10. Qd3 Nc6 11. Nxc6 Qxc6+ 12. Qf3 Qxf3+ 13. Kxf3 Rc8 14. b3
d5 15. Nb5 a6 16. Na3 Ne4 17. cxd5 exd5 18. Nc4 Nxg3 19. hxg3 dxc4 20. bxc4
Rxc4 21. Be3 b5 22. Rac1 Rxc1 23. Rxc1 Kd7 24. Ke4 h5 25. Bd4 Re8 26. Kd5 g6
27. Rc6 Ra8 28. Be5 b4 29. Rc7+ Ke8 30. Kc6 a5 31. Bd4 g5 32. Kb7 Rd8 33. Rc4
h4 34. gxh4 gxh4 35. Bb6 Rd5 36. Kc6 Rh5 37. Bc7 a4 38. a3 Rc5+ 39. Rxc5 Bxc5
0-1

[Event "5. OPEN International Championship of Vo"]
[Site "Novi Sad - MASTER CENTAR - SAJ"]
[Date "2014.07.13"]
[Round "3.22"]
[White "Manojlovic, Sava"]
[Black "Erdogdu, Mert"]
[Result "1/2-1/2"]
[WhiteElo "2141"]
[BlackElo "2423"]
[PlyCount "61"]
[EventDate "2014.07.12"]

1. d4 Nf6 2. Nf3 g6 3. c4 Bg7 4. Nc3 d5 5. e3 O-O 6. Be2 c5 7. dxc5 Qa5 8. O-O
dxc4 9. Bxc4 Qxc5 10. Be2 Nc6 11. Qa4 Rd8 12. Qb5 Qxb5 13. Bxb5 Bd7 14. e4 a6
15. Be2 Ng4 16. Rd1 Be8 17. Bd2 Nge5 18. Nxe5 Bxe5 19. Be3 Bd4 20. Bxd4 Nxd4
21. Bf1 Bc6 22. f3 e5 23. Kf2 Kf8 24. Rac1 Rac8 25. Bc4 b5 26. Bf1 Ke7 27. Ne2
Ne6 28. Rxd8 Kxd8 29. g3 Kc7 30. Ke3 b4 31. Bh3 1/2-1/2

[Event "5. OPEN International Championship of Vo"]
[Site "Novi Sad - MASTER CENTAR - SAJ"]
[Date "2014.07.13"]
[Round "3.23"]
[White "Leskur, Dejan"]
[Black "Babic, Radoslav"]
[Result "1-0"]
[WhiteElo "2393"]
[BlackElo "2200"]
[PlyCount "71"]
[EventDate "2014.07.12"]

1. Nf3 Nf6 2. b3 b6 3. Bb2 Bb7 4. e3 e6 5. d4 Be7 6. Nbd2 Ne4 7. Bd3 d5 8. O-O
O-O 9. c4 Nxd2 10. Qxd2 Nd7 11. Qe2 Bf6 12. Rac1 c5 13. Rfd1 dxc4 14. bxc4 Qe7
15. Bb1 Rfd8 16. h3 Rac8 17. Nh2 g6 18. d5 exd5 19. cxd5 Bxb2 20. Qxb2 Qe5 21.
Qb3 c4 22. Rxc4 Nc5 23. Ng4 Nxb3 24. Nxe5 Rxc4 25. Nxc4 Nc5 26. e4 f6 27. Rc1
Ba6 28. f3 Kf8 29. Nd2 Ke7 30. Kf2 Rc8 31. Ke3 Kd6 32. Rc3 b5 33. a3 Bb7 34.
Kd4 g5 35. g3 a6 36. f4 1-0

[Event "5. OPEN International Championship of Vo"]
[Site "Novi Sad - MASTER CENTAR - SAJ"]
[Date "2014.07.13"]
[Round "3.24"]
[White "Pantelic, Sasa"]
[Black "Kollari, Sulejman"]
[Result "1/2-1/2"]
[WhiteElo "2312"]
[BlackElo "2104"]
[PlyCount "95"]
[EventDate "2014.07.12"]

1. d4 d5 2. c4 e6 3. Nc3 Nf6 4. Bf4 c6 5. e3 Bd6 6. Bxd6 Qxd6 7. Nf3 O-O 8.
cxd5 exd5 9. Bd3 Re8 10. Qc2 b5 11. O-O Nbd7 12. e4 dxe4 13. Nxe4 Qd5 14. Rfe1
Bb7 15. a4 a6 16. Nxf6+ Nxf6 17. Re5 Qd7 18. Rae1 h6 19. Qc5 Rxe5 20. dxe5 Nd5
21. Be4 Qe7 22. Qxe7 Nxe7 23. Rd1 Nd5 24. Bxd5 cxd5 25. axb5 axb5 26. Nd4 Ra2
27. b3 b4 28. g3 Rb2 29. Kg2 Kf8 30. Kf3 Ke7 31. Rc1 Kd7 32. Ke3 g6 33. h4 h5
34. Rc5 Rb1 35. Rb5 Ba6 36. Rxd5+ Kc7 37. Rd6 Bc8 38. Rf6 Be6 39. Nxe6+ fxe6
40. Rxe6 Rxb3+ 41. Kd4 Rb1 42. Kc4 b3 43. Kc3 b2 44. Kc2 Rf1 45. Kxb2 Rxf2+ 46.
Kc1 g5 47. Rg6 gxh4 48. gxh4 1/2-1/2

[Event "5. OPEN International Championship of Vo"]
[Site "Novi Sad - MASTER CENTAR - SAJ"]
[Date "2014.07.13"]
[Round "3.25"]
[White "Ratkovic, Milovan"]
[Black "Velikic, Adela"]
[Result "1/2-1/2"]
[WhiteElo "2295"]
[BlackElo "2107"]
[PlyCount "143"]
[EventDate "2014.07.12"]

1. d4 d5 2. c4 c6 3. Nc3 Nf6 4. e3 e6 5. Nf3 Nbd7 6. Qc2 Bd6 7. Bd3 O-O 8. O-O
dxc4 9. Bxc4 b5 10. Be2 Bb7 11. Rd1 Qe7 12. Ng5 Rac8 13. Bf3 Bb8 14. Qb3 h6 15.
Nge4 Rfd8 16. Ng3 Nb6 17. e4 b4 18. e5 bxc3 19. exf6 Qxf6 20. bxc3 Bxg3 21.
hxg3 Qe7 22. Ba3 Qc7 23. c4 Ba6 24. Be2 Rb8 25. Qc2 e5 26. Bc1 Qe7 27. Be3 exd4
28. Bxd4 Re8 29. Bf1 Qe6 30. Rac1 Rbd8 31. a4 c5 32. Bxc5 Rxd1 33. Qxd1 Bxc4
34. Bxc4 Nxc4 35. Qb3 Nb6 36. Qxe6 Rxe6 37. a5 Nd5 38. Bxa7 Ra6 39. Rc5 Rxa7
40. Rxd5 Kf8 41. f3 Ke7 42. Kf2 Ke6 43. Rb5 Kd6 44. Ke3 Kc6 45. Rf5 g6 46. Rf6+
Kd5 47. a6 Ke5 48. Rb6 h5 49. Rb5+ Ke6 50. Ra5 Kd6 51. Kd4 f6 52. f4 Kc6 53.
Ra2 Kd6 54. Kc4 Kc6 55. Kb4 Kb6 56. Re2 Rf7 57. Re6+ Ka7 58. Kb5 g5 59. f5 h4
60. gxh4 gxh4 61. Rd6 Rg7 62. Rxf6 Rxg2 63. Rf7+ Ka8 64. Kb6 Rb2+ 65. Kc6 h3
66. Kd5 Rb5+ 67. Ke4 Rb4+ 68. Ke5 Rh4 69. Rb7 h2 70. Rb1 h1=Q 71. Rxh1 Rxh1 72.
f6 1/2-1/2

[Event "5. OPEN International Championship of Vo"]
[Site "Novi Sad - MASTER CENTAR - SAJ"]
[Date "2014.07.13"]
[Round "3.26"]
[White "Stocko, Josip"]
[Black "Nestorovic, Irena"]
[Result "1-0"]
[WhiteElo "2269"]
[BlackElo "2018"]
[PlyCount "39"]
[EventDate "2014.07.12"]

1. e4 e5 2. Nf3 Nc6 3. Bc4 Be7 4. O-O Nf6 5. Re1 Nxe4 6. Rxe4 d5 7. Bxd5 Qxd5
8. Nc3 Qa5 9. Ra4 Qc5 10. b4 Qd6 11. b5 Nd4 12. Ba3 Qf6 13. Nd5 Nxf3+ 14. Kh1
Qh6 15. Qxf3 Bd8 16. Qc3 Bf5 17. Qxe5+ Qe6 18. Qxg7 Qxd5 19. Qxh8+ Kd7 20. Rd4
1-0